000 00475nam a2200157Ia 4500
008 160316s1989 xxu||||| |||| 00| 0 eng d
082 _a341.522000
_bMUS-2
100 _aMustill Michael J
245 _aThe law and practice of commercial arbitration in England
250 _a2nd
260 _aLondon
_bButterworths
_c1989
300 _a835p
_b
_cLxxvii
365 _bRs.10,049.70
650 _a1.Arbitration - Commercial - U K 2.Commercial Arbitration - U K
700 _a
_a
999 _c14741
_d14741